Empresas multinacionales y derechos humanos en derecho internacional

Detalles Bibliográficos
Autor principal: Martn̕-Ortega, Olga
Formato: Desconocido
Lenguaje:español
Publicado: Barcelona : BOSCH EDITOR, 2008
Acceso en línea:Acceso restringido

MARC

LEADER 00000ny a22000003n 4500
005 20110628125446.0
006 m u
007 cr cn|||||||||
008 200806r20082008sp |||||s|||||||||||spa d
020 |a 9788476988053 
035 |a 2162 
040 |a FlNmELB  |c FlNmELB  |d vLex 
050 1 4 |a HD2755.5  |b M386 2008eb 
080 |a 341.231.14 
090 |c 1169  |d 1169 
100 1 |a Martn̕-Ortega, Olga 
245 1 0 |a Empresas multinacionales y derechos humanos en derecho internacional  |h [Recurso electrn̤ico]  |c Olga Martn̕-Ortega 
256 |a Servicio en ln̕ea 
260 |a Barcelona :  |b BOSCH EDITOR,  |c 2008 
300 |a 9-345 p 
506 1 |a Contenido solo disponible en los productos indicados  |d vLex Global  |d vLex Global (Academic Edition, excluding Law Schools)  |d vLex Global (U.S. Academic Edition, Law Schools)  |d vLex Global (U.S. Academic Edition, excluding Law Schools)  |d vLex Global (Academic Edition, Law Schools) 
740 0 |a vLex Libros (Servicios en ln̕ea) 
856 4 0 |u http://vlex.com/source/2162  |z Acceso restringido 
942 |c BOOK